| 000 | 00767cab a2200217 4500 | ||
|---|---|---|---|
| 001 | WB2738-39 | ||
| 008 | 090401t1991 xxu||||| |||| 00| 0 eng d | ||
| 035 | _a(Sirsi) u1707 | ||
| 041 | _aeng | ||
| 245 | _aGreen belt golf course hits hazard | ||
| 260 | _c1991 | ||
| 350 | _a0 | ||
| 490 |
_aTimes _v30 September 1991, 6(1) |
||
| 520 | _aIn a case that could have important implications for the future of redundant farmland, a parish council in Hertfordshire is seeking to prevent the construction of a golf course and to create instead what it claims would be the first public common this century. | ||
| 650 | _aCOMMON LAND | ||
| 650 | _aGOLF COURSES | ||
| 650 | _aPLANNING PERMISSION | ||
| 690 | _aLEISURE AND RECREATION | ||
| 942 | _n0 | ||
| 948 | _c04/03/1997 | ||
| 999 |
_c977 _d977 |
||